000 00636nam a2200253Ia 4500
005 20260121160959.0
008 008 260114s9999 xx 000 0 eng d
020 _a9780203831304
037 _aEBOOK
040 _aCRL
040 _beng
040 _cCRL
041 _2eng
041 _aeng
084 _qCRL
100 _a Mark Rickinson; Anne Edwards; Judy Sebba
_91038728
245 0 _aImproving Research through User Engagement
260 _bTaylor and Francis
260 _c2011
856 _uhttp://www.taylorfrancis.com/books/9780203831304
942 _cEBOOK
999 _c1605544
_d1605544